00408nam a2200121Ia 4500008004100000100001700041245009300058245001700151260005900168650001800227650001500245856002600260170221s9999 xx 000 0 und d aIsaac Nunoo. aDeterminants of News Selection in the Ghanaian Print Media: A Study of the Daily Graphic cIsaac Nunoo. bOnline Journal of Communication and Media Technologies xCommunication xMedia Arts uhttp://www.ojcmt.net/